| 000 | 00437cam a2200181ua 4500 | ||
|---|---|---|---|
| 020 | _cRs 3.00 | ||
| 041 |
_ahin _h |
||
| 082 |
_a891.54 _bKRI/PH |
||
| 100 | _aKrishna , Chandru . | ||
| 245 |
_aPhool aur pathar / _cKrishna Chandru. _hTextual Documents |
||
| 250 |
_a2 / _b. |
||
| 260 |
_aDelhi : _bRajkamal Prakash , _c1959. |
||
| 300 | _a145 ; . | ||
| 365 | _aRs 3.00 | ||
| 504 | _a | ||
| 942 | _cBK | ||
| 999 |
_c3457 _d3457 |
||